[Event "21. Rheinland-Pfalz MAT"]
[Site "?"]
[Date "2002.07.08"]
[Round "5"]
[White "Meinhardt, Maximilian"]
[Black "Schenderowitsch, Michael"]
[Result "1/2-1/2"]
[WhiteElo "2175"]
[BlackElo "2261"]
[PlyCount "44"]

1. e4 c5 2. Nc3 Nc6 3. g3 g6 4. Bg2 Bg7 5. d3 d6 6. f4 e6 7. Nf3 Nge7 8. O-O
O-O 9. Be3 Nd4 10. e5 Nef5 11. Bf2 Nxf3+ 12. Qxf3 Nd4 13. Qd1 dxe5 14. fxe5
Bxe5 15. Ne4 f5 16. Nxc5 Qd6 17. b4 Nc6 18. Rb1 Bd4 19. Qe1 Bxf2+ 20. Qxf2 Rb8
21. c3 b6 22. Nb3 Bb7 1/2-1/2

[Event "21. Rheinland-Pfalz MAT"]
[Site "?"]
[Date "2002.07.09"]
[Round "6"]
[White "Lares, Harald"]
[Black "Schön, Ralf,Dr."]
[Result "0-1"]
[WhiteElo "1986"]
[BlackElo "2335"]
[PlyCount "120"]

1. Nf3 f5 2. d4 Nf6 3. c4 g6 4. g3 Bg7 5. Bg2 d6 6. Nc3 c6 7. O-O O-O 8. Rb1
Qc7 9. d5 e5 10. dxe6 Bxe6 11. Bf4 Rd8 12. c5 Ne8 13. Ng5 Bf7 14. cxd6 Nxd6 15.
Qa4 Qe7 16. Rfd1 h6 17. Nxf7 Nxf7 18. Rxd8+ Qxd8 19. Qb4 Qb6 20. Qc4 Nd7 21.
Rd1 Nf8 22. Rd2 Re8 23. h4 a5 24. a3 Re7 25. Bd6 Rd7 26. Bc5 Qd8 27. Rxd7 Nxd7
28. Be3 Qf6 29. Qa4 Qe5 30. Bf4 Qc5 31. Be3 Qe5 32. Qb3 Qc7 33. Qe6 Nf8 34. Qc4
Qd8 35. Qb3 Qa8 36. Qc4 h5 37. Bf4 Qe8 38. e4 fxe4 39. Bxe4 Kh7 40. Qe2 Kg8 41.
Qc4 Kh8 42. f3 Qd7 43. Kg2 Ne5 44. Qe2 Qd4 45. Be3 Qc4 46. Qd2 Qb3 47. Bd4 Kg8
48. Qe2 Qc4 49. Qxc4+ Nxc4 50. Bxg7 Kxg7 51. Nd1 Kf6 52. Kf2 Ke5 53. Ke2 Kd4
54. Bc2 Nxb2 55. Nxb2 Kc3 56. Bxg6 Nxg6 57. Nd3 b5 58. f4 b4 59. axb4 axb4 60.
f5 Nf8 0-1

[Event "21. Rheinland-Pfalz MAT"]
[Site "?"]
[Date "2002.07.09"]
[Round "6"]
[White "Lang, Torsten"]
[Black "Köhler, Patrick"]
[Result "1-0"]
[WhiteElo "2307"]
[BlackElo "2171"]
[PlyCount "61"]

1. e4 c6 2. d4 d5 3. e5 Bf5 4. c4 e6 5. Nc3 Nd7 6. g4 Bg6 7. Nh3 dxc4 8. Bxc4
Nb6 9. Be2 Ne7 10. Bg5 Qd7 11. a4 a5 12. O-O Ned5 13. Bf3 Bb4 14. Ne4 Bxe4 15.
Bxe4 h6 16. Bh4 g5 17. Bg3 O-O-O 18. Qe2 Rdg8 19. f4 Nxf4 20. Nxf4 gxf4 21.
Rxf4 Qxd4+ 22. Kh1 Qd2 23. Qf1 Nd5 24. Rxf7 Rxg4 25. Bf3 Rd4 26. Qh3 Re8 27.
Rg1 Qe3 28. Bf2 Qxf2 29. Qxe6+ Kb8 30. Qxe8+ Ka7 31. Bxd5 1-0

[Event "21. Rheinland-Pfalz MAT"]
[Site "?"]
[Date "2002.07.09"]
[Round "6"]
[White "Voropaev, Gleb"]
[Black "Meinhardt, Maximilian"]
[Result "1/2-1/2"]
[WhiteElo "2327"]
[BlackElo "2175"]
[PlyCount "65"]

1. Nf3 d5 2. c4 e6 3. b3 c5 4. g3 Nf6 5. Bg2 Be7 6. O-O O-O 7. cxd5 exd5 8. d4
Nc6 9. Bb2 Bg4 10. h3 Be6 11. Nc3 Ne4 12. dxc5 Bxc5 13. Qc1 Nxg3 14. Rd1 d4 15.
Kh2 Nf5 16. Kg1 Nh4 17. Nb5 Nxg2 18. Kxg2 Qd5 19. Nbxd4 Bxd4 20. Bxd4 Qh5 21.
Ng1 Bxh3+ 22. Nxh3 Qg4+ 23. Kh2 Nxd4 24. Qf4 Qxf4+ 25. Nxf4 Rfd8 26. e3 Nc6 27.
Nd5 Kf8 28. e4 Rac8 29. Kg3 Ne7 30. Ne3 Ke8 31. Nc4 Rc6 32. Rxd8+ Kxd8 33. Rd1+
1/2-1/2

[Event "21. Rheinland-Pfalz MTA"]
[Site "?"]
[Date "2002.07.09"]
[Round "6"]
[White "Schenderowitsch, Michael"]
[Black "Kargoll, Peter"]
[Result "1/2-1/2"]
[WhiteElo "2261"]
[BlackElo "2287"]
[PlyCount "29"]
[EventDate "2002.07.08"]

1. c4 e6 2. d4 d5 3. Nc3 Nf6 4. cxd5 exd5 5. Bg5 c6 6. e3 Be7 7. Bd3 Nbd7 8.
Nge2 h6 9. Bh4 b6 10. f3 Bb7 11. O-O O-O 12. Bf2 c5 13. dxc5 Bxc5 14. Nd4 Ne5
15. Rc1 1/2-1/2

[Event "21. Rheinland-Pfalz MTA"]
[Site "?"]
[Date "2002.07.09"]
[Round "6"]
[White "Dausch, Rene"]
[Black "Garski, Rudolf"]
[Result "1-0"]
[WhiteElo "2348"]
[BlackElo "2055"]
[PlyCount "25"]
[EventDate "2002.07.08"]

1. g3 e5 2. Bg2 Nc6 3. c4 Nf6 4. Nc3 Bb4 5. Nf3 O-O 6. O-O d6 7. Nd5 Nxd5 8.
cxd5 Ne7 9. d4 Ng6 10. Qa4 c5 11. dxc6 Ba5 12. dxe5 bxc6 13. Bg5 1-0

[Event "21. Rheinland-Pfalz MTA"]
[Site "?"]
[Date "2002.07.09"]
[Round "6"]
[White "Meier, Georg"]
[Black "Stewart, Neil"]
[Result "0-1"]
[WhiteElo "1957"]
[BlackElo "2387"]
[PlyCount "116"]
[EventDate "2002.07.08"]

1. Nf3 d6 2. d4 Nf6 3. g3 g6 4. Bg2 Bg7 5. O-O O-O 6. a4 Nbd7 7. a5 e5 8. dxe5
dxe5 9. a6 e4 10. axb7 Bxb7 11. Nd4 Qe7 12. c3 a5 13. Na3 Rfd8 14. Qc2 a4 15.
Bf4 Nc5 16. Qc1 Bd5 17. Nab5 Ne8 18. Qe3 Rab8 19. c4 Ba8 20. Rad1 f5 21. Rd2
Rd7 22. Rfd1 Rbd8 23. Bg5 Nf6 24. Qa3 h6 25. Be3 Bf8 26. b4 axb3 27. Nxb3 Nxb3
28. Qxb3 Ng4 29. c5+ Kh7 30. h3 Nxe3 31. Qxe3 Bc6 32. Rxd7 Rxd7 33. Rxd7 Qxd7
34. Nc3 Bg7 35. Qc1 Qd4 36. Nd1 Qa1 37. Qxa1 Bxa1 38. g4 f4 39. Kf1 Kg7 40. Ke1
Kf6 41. e3 g5 42. Kd2 Ke5 43. Bf1 Kd5 44. Nc3+ Bxc3+ 45. Kxc3 Kxc5 46. Bc4 fxe3
47. fxe3 Bb5 48. Bf7 Bf1 49. Bg6 Bxh3 50. Bh5 Bf1 51. Bf7 Be2 52. Bh5 Bf3 53.
Kb3 Bd1+ 54. Kc3 Ba4 55. Bg6 Bd7 56. Bh5 Be6 57. Kb2 Kb4 58. Kc2 c5 0-1

[Event "21. Rheinland-Pfalz MTA"]
[Site "?"]
[Date "2002.07.10"]
[Round "7"]
[White "Stewart, Neil"]
[Black "Dausch, Rene"]
[Result "1-0"]
[WhiteElo "2387"]
[BlackElo "2348"]
[PlyCount "45"]
[EventDate "2002.07.08"]

1. e4 c5 2. Nc3 e6 3. g3 d5 4. exd5 exd5 5. Bg2 Nf6 6. d3 d4 7. Ne4 Nxe4 8.
dxe4 Be7 9. Ne2 O-O 10. O-O Nc6 11. Nf4 Re8 12. Nd5 Be6 13. c4 dxc3 14. bxc3 c4
15. Bf4 Rc8 16. Rb1 b6 17. Qa4 g5 18. Be3 Qd6 19. Rfd1 Qa3 20. Nf6+ Kh8 21.
Qxa3 Bxa3 22. Nxe8 Rxe8 23. Bxg5 1-0

[Event "21. Rheinland-Pfalz MTA"]
[Site "?"]
[Date "2002.07.10"]
[Round "7"]
[White "Meinhardt, Maximilian"]
[Black "Lang, Torsten"]
[Result "0-1"]
[WhiteElo "2175"]
[BlackElo "2307"]
[PlyCount "54"]
[EventDate "2002.07.08"]

1. e4 d6 2. d4 Nf6 3. Nc3 e5 4. f4 exd4 5. Qxd4 Nc6 6. Bb5 Bd7 7. Qf2 a6 8. Bd3
Ng4 9. Qf1 Be7 10. Nf3 O-O 11. Bd2 Nb4 12. g3 d5 13. h3 dxe4 14. Bxe4 Nf6 15.
O-O-O Nxa2+ 16. Nxa2 Nxe4 17. Be1 Bd6 18. Nc3 Qe8 19. Nxe4 Qxe4 20. Rd4 Qe6 21.
Qd3 Rfe8 22. Ng5 Qe3+ 23. Bd2 Qxd3 24. cxd3 f5 25. Bb4 Bc6 26. Bxd6 Bxh1 27.
Be5 Re7 0-1

[Event "21. Rheinland-Pfalz MTA"]
[Site "?"]
[Date "2002.07.10"]
[Round "7"]
[White "Garski, Rudolf"]
[Black "Lares, Harald"]
[Result "1/2-1/2"]
[WhiteElo "2055"]
[BlackElo "1986"]
[PlyCount "81"]
[EventDate "2002.07.08"]

1. Nf3 Nf6 2. g3 d5 3. Bg2 c5 4. c4 e6 5. O-O Be7 6. d3 O-O 7. Nbd2 Nc6 8. b3
Rb8 9. Bb2 d4 10. Ne1 e5 11. e4 dxe3 12. fxe3 Ng4 13. Qe2 Qd6 14. h3 Nh6 15.
Qh5 f5 16. Bd5+ Be6 17. e4 Nd4 18. Ndf3 b5 19. Ng5 Bxg5 20. Qxg5 fxe4 21. Rxf8+
Rxf8 22. dxe4 Kh8 23. Bxd4 exd4 24. Nd3 bxc4 25. bxc4 Bxd5 26. cxd5 c4 27. Nf4
Nf7 28. Qf5 Qa3 29. Ne6 Qxg3+ 30. Kh1 Rb8 31. Rg1 Qe3 32. Qg4 g6 33. Nc5 Ne5
34. Qh4 Qf3+ 35. Rg2 d3 36. Kh2 Rf8 37. Ne6 Qf1 38. Qe7 Nf3+ 39. Kg3 Qe1+ 40.
Rf2 Qg1+ 41. Rg2 1/2-1/2

[Event "21. Rheinland-Pfalz MTA"]
[Site "?"]
[Date "2002.07.10"]
[Round "7"]
[White "Kargoll, Peter"]
[Black "Voropaev, Gleb"]
[Result "1/2-1/2"]
[WhiteElo "2287"]
[BlackElo "2327"]
[PlyCount "93"]
[EventDate "2002.07.08"]

1. d4 Nf6 2. Nf3 g6 3. Bf4 Bg7 4. e3 O-O 5. Be2 d6 6. h3 Nc6 7. O-O Qe8 8. Bh2
e5 9. c4 e4 10. Nfd2 h5 11. Nc3 Bf5 12. Nd5 Qd8 13. Nb1 Nb8 14. Nbc3 c6 15.
Nxf6+ Bxf6 16. g4 hxg4 17. hxg4 Be6 18. Nxe4 Be7 19. c5 dxc5 20. Nxc5 Bxc5 21.
dxc5 Qf6 22. Qd4 Qxd4 23. exd4 Nd7 24. f3 Rfe8 25. Kf2 Bd5 26. Bd3 Kg7 27. a3
Nf8 28. g5 Nd7 29. Bd6 Rh8 30. Rh1 Rae8 31. Rag1 Rxh1 32. Rxh1 Re6 33. Rh6 Re8
34. a4 a6 35. Rh4 Rh8 36. Rxh8 Kxh8 37. f4 Kg7 38. f5 gxf5 39. Bxf5 Be6 40. Bd3
f6 41. gxf6+ Kxf6 42. Bf1 Kf7 43. Be5 Nf8 44. Ke3 Bd5 45. Kf4 Ne6+ 46. Kf5 Ke7
47. Bh3 1/2-1/2

[Event "21. Rheinland-Pfalz MTA"]
[Site "?"]
[Date "2002.07.10"]
[Round "7"]
[White "Köhler, Patrick"]
[Black "Meier, Georg"]
[Result "0-1"]
[WhiteElo "2171"]
[BlackElo "1957"]
[PlyCount "86"]
[EventDate "2002.07.08"]

1. d4 e6 2. Nf3 Nf6 3. c4 Bb4+ 4. Bd2 a5 5. a3 Bxd2+ 6. Nbxd2 d6 7. g3 b6 8.
Bg2 Bb7 9. Qc2 Nbd7 10. O-O O-O 11. e4 e5 12. d5 a4 13. Ne1 Nc5 14. Nd3 Nxd3
15. Qxd3 Qe8 16. f4 Nd7 17. f5 f6 18. g4 Nc5 19. Qe3 g5 20. fxg6 Qxg6 21. Rf3
Bc8 22. Rg3 Kh8 23. Rf1 Bd7 24. h4 b5 25. g5 f5 26. exf5 Rxf5 27. Rxf5 Bxf5 28.
Rf3 Rg8 29. cxb5 h6 30. Bh3 Bxh3 31. Rxh3 Qc2 32. Qf2 Nd7 33. b4 axb3 34. Nxb3
Qd1+ 35. Kh2 Qxd5 36. a4 Rf8 37. Qg2 e4 38. gxh6 Qe5+ 39. Kh1 Rg8 40. Qf2 Nf6
41. h7 Kxh7 42. Nd2 Ng4 43. Qg3 Qa1+ 0-1

[Event "21. Rheinland-Pfalz MTA"]
[Site "?"]
[Date "2002.07.10"]
[Round "7"]
[White "Schön, Ralf,Dr."]
[Black "Schenderowitsch, Michael"]
[Result "1-0"]
[WhiteElo "2235"]
[BlackElo "2261"]
[PlyCount "135"]
[EventDate "2002.07.08"]

1. e4 e6 2. d4 d5 3. Nc3 Bb4 4. e5 Ne7 5. a3 Bxc3+ 6. bxc3 c5 7. Nf3 Bd7 8. Bd3
Qa5 9. Bd2 Nbc6 10. O-O c4 11. Be2 f6 12. exf6 gxf6 13. Nh4 O-O-O 14. Bh5 Rhg8
15. f4 Ng6 16. Nxg6 hxg6 17. Bg4 Rde8 18. Be1 Rh8 19. Qd2 Ne7 20. Bf2 Nf5 21.
Rfe1 Nd6 22. Re3 Nf5 23. Re2 Nd6 24. Bf3 Nb5 25. Be1 Nd6 26. Qc1 Bc6 27. Qb2
Ne4 28. Qb4 Qxb4 29. cxb4 b5 30. Bxe4 dxe4 31. Bc3 Rh4 32. g3 Rh5 33. d5 exd5
34. Bxf6 a6 35. h4 Bd7 36. Kf2 Bg4 37. Ree1 Bd7 38. Ke3 Rf8 39. Be5 Kb7 40. Kd4
Bc6 41. Rh1 Rf7 42. Rh2 Bd7 43. Kxd5 Bf5 44. Kd4 Rhh7 45. Ke3 Rd7 46. Rg1 Bg4
47. Kxe4 Rd8 48. Re1 Rhd7 49. Rf2 Rd2 50. Rxd2 Rxd2 51. c3 Rd3 52. Re3 Rd8 53.
Bd4 Kc6 54. Ke5 Rf8 55. Bc5 Rf5+ 56. Ke4 Rd5 57. Bd4 Rd8 58. f5 Bxf5+ 59. Kf4
Rd6 60. h5 Bd3 61. h6 g5+ 62. Kxg5 Rg6+ 63. Kh5 Rg8 64. Bg7 Kd7 65. g4 Bb1 66.
Re1 Bh7 67. g5 Bf5 68. g6 1-0

[Event "21. Rheinland-Pfalz MTA"]
[Site "?"]
[Date "2002.07.11"]
[Round "8"]
[White "Voropaev, Gleb"]
[Black "Schön, Ralf,Dr."]
[Result "1-0"]
[WhiteElo "2327"]
[BlackElo "2235"]
[PlyCount "69"]
[EventDate "2002.07.08"]

1. Nf3 Nf6 2. g3 b6 3. Bg2 Bb7 4. O-O e6 5. c4 Be7 6. Nc3 O-O 7. Qc2 d6 8. d4
Nbd7 9. e4 e5 10. h3 c6 11. Be3 Qc7 12. Rac1 Rac8 13. Qe2 Qb8 14. Nh2 a6 15. f4
b5 16. b3 b4 17. Nd1 Bd8 18. dxe5 dxe5 19. f5 c5 20. Bf2 Qa8 21. Re1 Nb8 22. g4
Be7 23. g5 Nfd7 24. Qg4 f6 25. g6 h6 26. Ne3 Rfd8 27. Nd5 Bf8 28. Qh5 Nc6 29.
Ng4 Nd4 30. Be3 Bxd5 31. exd5 Qa7 32. d6 Nb6 33. d7 Qxd7 34. Bxh6 Qxf5 35. Bg5
1-0

[Event "21. Rheinland-Pfalz MTA"]
[Site "?"]
[Date "2002.07.11"]
[Round "8"]
[White "Schenderowitsch, Michael"]
[Black "Garski, Rudolf"]
[Result "1/2-1/2"]
[WhiteElo "2261"]
[BlackElo "2055"]
[PlyCount "66"]
[EventDate "2002.07.08"]

1. c4 e5 2. Nc3 d6 3. g3 g6 4. Bg2 Bg7 5. e4 Be6 6. d3 Qd7 7. Nge2 Nc6 8. Nd5
h6 9. O-O O-O-O 10. Be3 g5 11. d4 f5 12. exf5 Bxf5 13. b4 Bh3 14. b5 Bxg2 15.
Kxg2 Nce7 16. Qa4 Nxd5 17. cxd5 a6 18. Rab1 Ne7 19. Qc4 axb5 20. Rxb5 Qf5 21.
dxe5 dxe5 22. Rfb1 e4 23. d6 Qf3+ 24. Kg1 Rxd6 25. Rxb7 Nc6 26. Qa6 Nb4 27.
Qa8+ Kd7 28. Qa4+ Nc6 29. Qc4 Rb8 30. Rxb8 Nxb8 31. Re1 Nc6 32. Qb5 Kd8 33. Qc4
Kd7 1/2-1/2

[Event "21. Rheinland-Pfalz MTA"]
[Site "?"]
[Date "2002.07.11"]
[Round "8"]
[White "Meier, Georg"]
[Black "Dausch, Rene"]
[Result "0-1"]
[WhiteElo "1957"]
[BlackElo "2348"]
[PlyCount "92"]
[EventDate "2002.07.08"]

1. Nf3 c5 2. g3 g6 3. c4 Bg7 4. d4 cxd4 5. Nxd4 Qa5+ 6. Nc3 Nc6 7. Nxc6 Bxc3+
8. bxc3 bxc6 9. Qb3 Nf6 10. Bg2 Ba6 11. Bf4 O-O 12. O-O Qc5 13. Qc2 Bxc4 14.
Rfd1 d5 15. e4 dxe4 16. Bxe4 Nxe4 17. Qxe4 Bd5 18. Qb4 Qxb4 19. cxb4 a6 20. a3
f6 21. h3 e5 22. Be3 Rfd8 23. Bb6 Rd7 24. Rd2 Rb8 25. Bc5 h5 26. h4 Kf7 27. Re1
Rbb7 28. Rd3 Ke6 29. Rc3 Kf5 30. Kf1 Rd8 31. Ke2 g5 32. f3 g4 33. fxg4+ hxg4
34. Be3 Bf3+ 35. Kf1 Kg6 36. Kf2 Rb5 37. Rec1 Rd7 38. Rc5 f5 39. R1c4 Bd5 40.
Rc1 Rf7 41. Bd2 f4 42. Rxb5 axb5 43. Re1 Rf5 44. Bc1 Kh5 45. Kg1 fxg3 46. Bg5
g2 0-1

[Event "21. Rheinland-Pfalz MTA"]
[Site "?"]
[Date "2002.07.11"]
[Round "8"]
[White "Lang, Torsten"]
[Black "Kargoll, Peter"]
[Result "1/2-1/2"]
[WhiteElo "2307"]
[BlackElo "2287"]
[PlyCount "138"]
[EventDate "2002.07.08"]

1. Nf3 d5 2. d4 Nf6 3. c4 e6 4. Nc3 Be7 5. g3 O-O 6. Bg2 dxc4 7. O-O c5 8. dxc5
Qa5 9. Qd4 Nc6 10. Qxc4 Qxc5 11. Qxc5 Bxc5 12. Bg5 e5 13. Bxf6 gxf6 14. Nd5 Kg7
15. Rac1 Bd4 16. Nxd4 Nxd4 17. Rfe1 Bg4 18. f3 Be6 19. Nc7 Rac8 20. b3 Bd7 21.
e3 Nb5 22. Nxb5 Bxb5 23. f4 b6 24. Bh3 Rxc1 25. Rxc1 Rd8 26. a4 Be8 27. Bf5 a5
28. h4 Rb8 29. Rc7 exf4 30. gxf4 b5 31. Bd7 Bxd7 32. Rxd7 bxa4 33. bxa4 Rb3 34.
Kf2 Ra3 35. Rd4 Kg6 36. Kf3 f5 37. Rd6+ Kg7 38. h5 Rxa4 39. h6+ Kf8 40. Rd5 Ra1
41. Rxf5 Rh1 42. Rxa5 Rxh6 43. e4 Rh1 44. Kg4 Kg7 45. e5 Rg1+ 46. Kf5 Rg6 47.
Ra7 Rb6 48. Ra5 Rb1 49. Ra2 Rg1 50. Ra7 Re1 51. Ra2 Rg1 52. Re2 Rg3 53. Ke4 Kg6
54. f5+ Kg5 55. Rf2 Rg1 56. Kd5 Rd1+ 57. Kc5 h5 58. f6 Re1 59. Kd6 h4 60. Ke7
Rxe5+ 61. Kxf7 h3 62. Kg7 Ra5 63. f7 Ra7 64. Kg8 Rxf7 65. Kxf7 Kg4 66. Kg6 Kg3
67. Rf5 h2 68. Rg5+ Kf2 69. Rh5 Kg2 1/2-1/2

[Event "21. Rheinland-Pfalz MTA"]
[Site "?"]
[Date "2002.07.11"]
[Round "8"]
[White "Köhler, Patrick"]
[Black "Meinhardt, Maximilian"]
[Result "1/2-1/2"]
[WhiteElo "2171"]
[BlackElo "2175"]
[PlyCount "131"]
[EventDate "2002.07.08"]

1. d4 e6 2. c4 d5 3. Nc3 c5 4. cxd5 exd5 5. Nf3 Nc6 6. g3 Nf6 7. Bg2 Be7 8. O-O
O-O 9. Bg5 c4 10. Qd2 Be6 11. Rad1 Ne4 12. Nxe4 dxe4 13. Bxe7 Qxe7 14. Ne1 Nxd4
15. Qe3 Nc6 16. Qxe4 Qf6 17. Nf3 Rfd8 18. Qh4 Rxd1 19. Rxd1 Qxb2 20. Ng5 Qc2
21. Rf1 Qg6 22. Be4 f5 23. Bg2 h6 24. Nxe6 Qxe6 25. Rc1 Qxe2 26. Bf1 Qd2 27.
Qxc4+ Kh8 28. Rc2 Qd1 29. Rc1 Qd2 30. Rb1 Ne5 31. Qf4 Qxf4 32. gxf4 Ng6 33.
Rxb7 Nxf4 34. Rb4 g5 35. Rb5 Rf8 36. Rb7 Rd8 37. Rxa7 Rd1 38. Rf7 Ne2+ 39. Kg2
Nf4+ 40. Kg1 Ne2+ 41. Kg2 Nf4+ 42. Kg1 Ra1 43. Rxf5 Rxa2 44. Rf7 Ra1 45. Re7 h5
46. Re5 h4 47. Re3 Kg7 48. f3 Kf6 49. Rb3 Ne2+ 50. Kf2 Nd4 51. Re3 Ra2+ 52. Kg1
Rd2 53. Bd3 g4 54. Be4 Kg5 55. fxg4 Kf4 56. Re1 Ne2+ 57. Kf1 Nc3 58. Bg2 Kxg4
59. Re3 Rd1+ 60. Re1 Rd3 61. Kg1 h3 62. Bb7 Rd2 63. Bc8+ Kh4 64. Bb7 Rd1 65.
Rxd1 Nxd1 66. Bc8 1/2-1/2

[Event "21. Rheinland-Pfalz MTA"]
[Site "?"]
[Date "2002.07.11"]
[Round "8"]
[White "Lares, Harald"]
[Black "Stewart, Neil"]
[Result "0-1"]
[WhiteElo "1986"]
[BlackElo "2387"]
[PlyCount "136"]
[EventDate "2002.07.08"]

1. Nf3 d6 2. d4 Nf6 3. g3 g6 4. Bg2 Bg7 5. O-O O-O 6. c4 Nbd7 7. Nc3 e5 8. h3
c6 9. e4 exd4 10. Nxd4 Re8 11. Be3 Nc5 12. Qc2 Qe7 13. f3 a5 14. b3 Nh5 15.
Nde2 f5 16. Bf2 fxe4 17. fxe4 Nf6 18. Rae1 Nfd7 19. Rd1 Ne5 20. Be3 Be6 21. Qd2
Nf7 22. Rf2 Rad8 23. Rdf1 Rf8 24. Nf4 Bc8 25. Nfe2 Rde8 26. Nd4 Ne5 27. Rxf8+
Rxf8 28. Rxf8+ Qxf8 29. Nce2 a4 30. Qc2 axb3 31. axb3 Ncd3 32. Qd1 Bh6 33. Qd2
Qf2+ 34. Bxf2 Bxd2 35. Nc2 Nxf2 36. Kxf2 Kf7 37. Ned4 Ke7 38. Ke2 Bh6 39. Nf3
Nxf3 40. Kxf3 Bd2 41. Ke2 Bc3 42. Ne1 Bxe1 43. Kxe1 Kf6 44. Kd2 Ke5 45. Ke3 c5
46. Bf1 Be6 47. Kd3 g5 48. Ke3 h5 49. Bg2 h4 50. g4 Bd7 51. Bf1 Bc6 52. Bd3 b6
53. Bc2 b5 54. Bd3 bxc4 55. bxc4 Ba4 56. Bb1 Bb3 57. Bd3 Ke6 58. Kd2 Kd7 59.
Ke3 Ba4 60. Be2 Bc6 61. Bd3 Kc7 62. Kd2 Kb6 63. Kc3 Ka5 64. Bb1 Ba4 65. Bd3 Bd1
66. Bf1 Bf3 67. Kd3 Kb4 68. Ke3 Bh1 0-1

[Event "21. Rheinland-Pfalz MTA"]
[Site "?"]
[Date "2002.07.12"]
[Round "9"]
[White "Garski, Rudolf"]
[Black "Voropaev, Gleb"]
[Result "1/2-1/2"]
[WhiteElo "2055"]
[BlackElo "2327"]
[PlyCount "28"]
[EventDate "2002.07.08"]

1. Nf3 Nf6 2. g3 g6 3. Bg2 Bg7 4. O-O O-O 5. c4 d6 6. Nc3 e5 7. Rb1 a5 8. a3
Re8 9. b4 axb4 10. axb4 Nbd7 11. Qb3 Nf8 12. Bb2 Ne6 13. Nd5 c6 14. Nxf6+ Qxf6
1/2-1/2

[Event "21. Rheinland-Pfalz MTA"]
[Site "?"]
[Date "2002.07.12"]
[Round "9"]
[White "Dausch, Rene"]
[Black "Lares, Harald"]
[Result "1-0"]
[WhiteElo "2348"]
[BlackElo "1986"]
[PlyCount "45"]
[EventDate "2002.07.08"]

1. Nf3 Nf6 2. g3 c5 3. Bg2 Nc6 4. d4 d5 5. O-O e6 6. c4 cxd4 7. Nxd4 Be7 8. Nc3
O-O 9. cxd5 exd5 10. Be3 Re8 11. Rc1 Ne5 12. Qb3 Nc4 13. Bf4 Nh5 14. Bc7 Nd2
15. Qd1 Qxc7 16. Qxd2 Qa5 17. Nb3 Qb4 18. Nxd5 Qxd2 19. Nxd2 Bd8 20. e3 Be6 21.
Nc4 Rc8 22. Nd6 Rxc1 23. Rxc1 1-0

[Event "21. Rheinland-Pfalz MTA"]
[Site "?"]
[Date "2002.07.12"]
[Round "9"]
[White "Meinhardt, Maximilian"]
[Black "Meier, Georg"]
[Result "1/2-1/2"]
[WhiteElo "2175"]
[BlackElo "1957"]
[PlyCount "67"]
[EventDate "2002.07.08"]

1. e4 e6 2. d4 d5 3. e5 c5 4. c3 Qb6 5. Nf3 Bd7 6. Be2 cxd4 7. cxd4 Bb5 8. Qb3
Bxe2 9. Qxb6 axb6 10. Kxe2 Na6 11. Nc3 Ne7 12. Bd2 Nc6 13. a3 Nc7 14. a4 Be7
15. Nb5 Kd7 16. Nxc7 Kxc7 17. Rhb1 Na5 18. b4 Nc4 19. Bg5 Kd7 20. Bxe7 Kxe7 21.
a5 b5 22. Ne1 Ra7 23. Nc2 Rc8 24. Kd3 Ra6 25. Na3 Nxa3 26. Rxa3 Rac6 27. Rbb3
Rc4 28. a6 bxa6 29. Rxa6 Rc2 30. Ra7+ Ke8 31. Ke3 R8c3+ 32. Rxc3 Rxc3+ 33. Kd2
Rc4 34. Ra8+ 1/2-1/2

[Event "21. Rheinland-Pfalz MTA"]
[Site "?"]
[Date "2002.07.12"]
[Round "9"]
[White "Kargoll, Peter"]
[Black "Köhler, Patrick"]
[Result "1-0"]
[WhiteElo "2287"]
[BlackElo "2171"]
[PlyCount "79"]
[EventDate "2002.07.08"]

1. d4 Nf6 2. Nf3 d5 3. Bf4 c5 4. e3 Nc6 5. c3 Qb6 6. b3 cxd4 7. exd4 Bf5 8. Bd3
Bxd3 9. Qxd3 e6 10. O-O Be7 11. Nbd2 O-O 12. Rfe1 Rac8 13. Be5 Nd7 14. Bg3 Qa5
15. a4 Qd8 16. b4 Bf6 17. Nb3 Ne7 18. Na5 Qb6 19. Rab1 Nf5 20. Bf4 Nb8 21. g4
Nh4 22. Nxh4 Bxh4 23. Re5 Bf6 24. Re3 g6 25. g5 Bh8 26. Rbe1 Nc6 27. Nb3 Ne7
28. Nc5 Nf5 29. Rh3 Rfe8 30. a5 Qd8 31. Nxb7 Qe7 32. Nc5 Red8 33. Qe2 h6 34.
gxh6 Kh7 35. Qg4 Bf6 36. Rf3 Rh8 37. Rd3 g5 38. Be5 Nxh6 39. Qh5 Rcg8 40. Nd7
1-0

[Event "21. Rheinland-Pfalz MTA"]
[Site "?"]
[Date "2002.07.12"]
[Round "9"]
[White "Stewart, Neil"]
[Black "Schenderowitsch, Michael"]
[Result "1-0"]
[WhiteElo "2387"]
[BlackElo "2261"]
[PlyCount "99"]
[EventDate "2002.07.08"]

1. e4 c6 2. c4 e6 3. Nf3 d5 4. cxd5 exd5 5. exd5 cxd5 6. Bb5+ Bd7 7. Qe2+ Qe7
8. Nc3 Nf6 9. O-O Qxe2 10. Bxe2 Be7 11. Re1 O-O 12. Bd1 Bc5 13. a3 h6 14. b4
Bb6 15. Bb3 Be6 16. Na4 Nc6 17. Nxb6 axb6 18. Bb2 Nd7 19. Nd4 Nxd4 20. Bxd4
Rfc8 21. a4 Rc6 22. Rac1 Rac8 23. Rc3 Rxc3 24. dxc3 Nf6 25. f3 Ne8 26. Re5 Nf6
27. Re3 Rc6 28. Kf2 Ne8 29. Bxd5 Bxd5 30. Rxe8+ Kh7 31. Rd8 Be6 32. Ke3 Kg6 33.
Kd2 f6 34. Rb8 Bc4 35. Rxb7 Re6 36. Be3 Rd6+ 37. Bd4 Re6 38. Be3 Rd6+ 39. Kc2
Re6 40. Bd2 Re2 41. Rxb6 Rxg2 42. Rd6 Rxh2 43. b5 Be2 44. b6 Bxf3 45. a5 Be4+
46. Kb3 Rh1 47. Rd4 Bb7 48. Rd7 Bc8 49. Rc7 Ba6 50. c4 1-0

[Event "21. Rheinland-Pfalz MTA"]
[Site "?"]
[Date "2002.07.12"]
[Round "10"]
[White "Lang, Torsten"]
[Black "Garski, Rudolf"]
[Result "1-0"]
[WhiteElo "2307"]
[BlackElo "2055"]
[PlyCount "37"]
[EventDate "2002.07.08"]

1. d4 c5 2. d5 Nf6 3. Nc3 d6 4. g3 g6 5. Bg2 Bg7 6. a4 O-O 7. Nf3 e5 8. O-O h6
9. Nd2 Nh5 10. e4 Bd7 11. Nc4 Be8 12. Nb5 Bxb5 13. axb5 b6 14. f4 exf4 15. gxf4
Bd4+ 16. Kh1 f5 17. Ra3 a6 18. exf5 Rxf5 19. Qg4 1-0

[Event "21. Rheinland-Pfalz MTA"]
[Site "?"]
[Date "2002.07.12"]
[Round "10"]
[White "Meinhardt, Maximilian"]
[Black "Kargoll, Peter"]
[Result "0-1"]
[WhiteElo "2175"]
[BlackElo "2287"]
[PlyCount "52"]
[EventDate "2002.07.08"]

1. e4 e6 2. d4 d5 3. e5 c5 4. c3 Qb6 5. Nf3 Nc6 6. Bd3 Bd7 7. O-O cxd4 8. cxd4
Nxd4 9. Nxd4 Qxd4 10. Nc3 a6 11. Qe2 Rc8 12. Kh1 Qh4 13. f4 Nh6 14. f5 Nxf5 15.
Bxf5 exf5 16. e6 Bxe6 17. Rf4 Qd8 18. Rxf5 Be7 19. Nxd5 Bxf5 20. Bg5 f6 21. Re1
Rc7 22. Nxc7+ Qxc7 23. Bf4 Qd7 24. Qh5+ g6 25. Qe2 Kf7 26. Rd1 Qe6 0-1

[Event "21. Rheinland-Pfalz MTA"]
[Site "?"]
[Date "2002.07.12"]
[Round "10"]
[White "Schenderowitsch, Michael"]
[Black "Dausch, Rene"]
[Result "0-1"]
[WhiteElo "2261"]
[BlackElo "2348"]
[PlyCount "114"]
[EventDate "2002.07.08"]

1. c4 e5 2. Nc3 Nf6 3. g3 c6 4. Nf3 e4 5. Nd4 d5 6. cxd5 Bc5 7. Nb3 Bb6 8. Bg2
Bf5 9. d4 cxd5 10. Bg5 Be6 11. O-O Nbd7 12. Na4 h6 13. Bf4 Bc7 14. Bxc7 Qxc7
15. Rc1 Qd6 16. Nbc5 b6 17. Nxe6 fxe6 18. Qd2 O-O 19. f3 exf3 20. exf3 e5 21.
dxe5 Nxe5 22. f4 Nf7 23. Nc3 Rad8 24. Qd4 Rd7 25. Rcd1 Rfd8 26. Rfe1 Kf8 27.
Re5 Qc5 28. Re2 Qa5 29. Red2 Nd6 30. Bh3 Re7 31. Re2 Rxe2 32. Nxe2 Qxa2 33. f5
Qc4 34. Nf4 Qxd4+ 35. Rxd4 Kf7 36. g4 Nc4 37. b3 Ne5 38. Bg2 Nexg4 39. Bxd5+
Nxd5 40. Rxd5 Rxd5 41. Nxd5 Nf6 42. Nc3 Nd7 43. Nd5 Nc5 44. b4 Ne4 45. Kg2 Nd6
46. Kf3 Nxf5 47. Ke4 Nd6+ 48. Ke5 Nb5 49. Ne3 a5 50. bxa5 bxa5 51. Kd5 Kf6 52.
Kc5 Nc3 53. Kc4 Ne4 54. Kb5 Ke5 55. Kxa5 Kf4 56. Nd5+ Kf3 57. Ne7 g5 0-1

[Event "21. Rheinland-Pfalz MTA"]
[Site "?"]
[Date "2002.07.12"]
[Round "10"]
[White "Meier, Georg"]
[Black "Lares, Harald"]
[Result "1-0"]
[WhiteElo "1957"]
[BlackElo "1986"]
[PlyCount "113"]
[EventDate "2002.07.08"]

1. Nf3 Nf6 2. g3 d6 3. d4 g6 4. Bg2 c5 5. O-O cxd4 6. Nxd4 Bg7 7. c4 O-O 8. Nc3
Nbd7 9. b3 Nc5 10. Bb2 Ne6 11. Nc2 Ng4 12. Qd2 Bh6 13. e3 Bg7 14. f4 Rb8 15. h3
Nf6 16. e4 Nc5 17. Ne3 a6 18. Rfd1 Bd7 19. Kh2 Bc6 20. Ned5 e6 21. Nxf6+ Bxf6
22. b4 Na4 23. e5 Nxc3 24. Qxc3 Bg7 25. Qb3 Bxg2 26. Kxg2 d5 27. cxd5 exd5 28.
Rxd5 Qc8 29. Qd3 Qc6 30. Rc1 Qe6 31. g4 Qb6 32. Bd4 Qxb4 33. Bc5 Qxf4 34. Rf1
Qa4 35. Bxf8 Rxf8 36. Rf2 Qc6 37. Rc2 Qe6 38. Re2 Qc6 39. Kh2 Bh6 40. Rf2 Bg5
41. Kg3 Qb6 42. Qf3 Qe6 43. h4 Be7 44. Re2 Rc8 45. Rd4 Bc5 46. Rf4 b6 47. Rf6
Qc4 48. h5 Rd8 49. Rf4 Qb5 50. Qe4 Rd3+ 51. Rf3 Rd4 52. Qa8+ Kg7 53. Rh2 gxh5
54. gxh5 h6 55. Rg2 Be7 56. e6 fxe6 57. Kh2+ 1-0